00586nam a2200193Ia 4500003000400000005001700004008004100021040000700062041000800069082001600077100002600093245003900119260003900158300000900197650002200206942001300228999001900241952013200260OSt20260428151643.0250729s2010 xx 000 0 und d cAL akan a372.25 SHIU aDr.S.Shivayya9230955 audayanmukha bharathadali shikshana aDavanagerebPooja Prakashanac2010 a334p aEducation9230956 2ddccBED c239040d239040 00104070aALbALd2025-07-29eManagement Booksg190.00l0o372.25 SHIUpBED04359r2025-07-29 16:57:12v190.00w2025-07-29yBK